000 00533nam a2200181Ia 4500
003 OSt
005 20200826132339.0
008 190216s9999||||xx |||||||||||||| ||und||
020 _a9788131707050
040 _coclc
082 _a658.84
_bAWA/E
100 _aAwad, Elias M
_94359
245 0 _aElectronic Commerce From Vision To Fulfillment /
_cElias M Awad
250 _a3rd Ed.
260 _bPearson Education Asia,
_aNew Delhi:
_c2007.
300 _a575p
942 _cBK
_2ddc
_h658.84
_iAWA/E
_k658.84
_mAWA/E
999 _c8880
_d8880